Culture Générale - Série 2557 - Statistiques

Statistiques générales
  • Ce quiz a été pris 119 fois
  • Le résultat moyen est 4 sur 10
Statistiques - réponses
Question Réponse % Correct
Protéine naturelle qui compose 97% de la matière première des cheveux kératine
86%
Type de textile pour chemise qui porte le nom d'une ville anglaise connue pour sa prestigieuse université . oxford
67%
Infection bénigne qui se forme en quelques jours en bordure de la paupière - aussi appelée compère loriot. orgelet
62%
Quel est l'ancien nom du Sri Lanka ? Ceylan
51%
Spécialité culinaire de cuisine traditionnelle des cuisines basque et gasconne, généralement servie avec des œufs, des viandes, ou du poisson - 8 lettres commençant par " p " - voir photo piperade
29%
Qui a écrit "l'homme révolté" en1951 ? prénom et nom Albert Camus
20%
Poème lyrique exprimant une plainte douloureuse, des sentiments mélancoliques - 6 lettres commençant par " é " élégie
19%
1.Petite bourse (anciennement) - 2.Petite poche de gilet ou de pantalon gousset
17%
Jeune homme qui se fait remarquer par ses manières trop galantes (familier et péjoratif) - 10 lettres commençant par " g " godelureau
11%
Groupe de personnes qui se soutiennent pour faire prévaloir leurs intérêts - 7 lettres commençant par " c " coterie
2%
Aucun quiz correspondant
Distribution des résultats
% des personnes avec chaque résultat
Percentile par nombre de réponses
Votre historique - résultats
Vous n’avez pas pris ce quiz